Make Your Own Kind of Music - Cass Elliot (All Lyrics) - Statistics

General Stats
  • This quiz has been taken 15 times
  • The average score is 109 of 156
Answer Stats
Answer % Correct
you
100%
kind
92%
Make
92%
music
92%
own
92%
Sing
92%
your
92%
of
83%
So,
83%
song
83%
special
83%
and
75%
And
75%
can
75%
gotta
75%
I
75%
Nobody
75%
nobody
75%
along
67%
else
67%
if
67%
singin'
67%
sings
67%
tell
67%
The
67%
the
67%
like
58%
one
58%
only
58%
someone
58%
There's
58%
to
58%
will
58%
worth
58%
ya
58%
You're
58%
you've
58%
You've
58%
But
50%
Even
50%
it
50%
It
50%
may
50%
see
50%
them
50%
They
50%
try
50%
be
42%
'Cause
42%
do
42%
gonna
42%
hand
42%
hardest
42%
sell
42%
take
42%
thing
42%
understand
42%
goin'
33%
hangs
33%
lonely
33%
my
33%
rough
33%
up
33%
cannot
25%
Just
25%
loneliest
25%
must
25%
thing's
8%
knowin'
0%
No matching quizzes found
Score Distribution
Percent of People with Each Score
Percentile by Number Answered
Your Score History
You have not taken this quiz